Ranking the world : grading states as a tool of global governance /

Bibliographic Details
Corporate Author: Ebook Library
Other Authors: Cooley, Alexander, 1972- (Editor), Snyder, Jack L. (Editor)
Format: eBook
Language:English
Published: Cambridge, United Kingdom : Cambridge University Press, 2015.
Subjects:
Online Access:Connect to the full text of this electronic book

MARC

Tag First Indicator Second Indicator Subfields
LEADER 00000cam a22000001i 4500
001 in00003533908
006 m |o d |
007 cr |n|||||||||
008 150506s2015 enk o 000 0 eng d
005 20250816211201.5
020 |a 1316334058 (electronic bk.) 
020 |a 9781316334058 (electronic bk.) 
020 |z 9781107098138 (hardback) 
020 |z 1107098130 (hardback) 
035 |a (NhCcYBP)ebl2001218 
040 |a NhCcYBP  |c NhCcYBP  |d UtOrBLW 
050 4 |a JZ1316  |b .R36 2015 
082 0 4 |a 320.072  |2 23 
084 |a POL011000  |2 bisacsh 
245 0 0 |a Ranking the world :  |b grading states as a tool of global governance /  |c edited by Alexander Cooley and Jack Snyder. 
264 1 |a Cambridge, United Kingdom :  |b Cambridge University Press,  |c 2015. 
300 |a 1 online resource. 
336 |a text  |b txt  |2 rdacontent 
337 |a computer  |b c  |2 rdamedia 
338 |a online resource  |b cr  |2 rdacarrier 
505 8 |a Machine generated contents note: 1. The emerging politics of international rankings and ratings: a framework for analysis Alexander Cooley; 2. Just who put you in charge? We did: CRAs and the politics of ratings Rawi Abdelal and Mark Blyth; 3. Corruption rankings: constructing and contesting the global anti-corruption agenda Mlada Bukovansky; 4. Measuring stateness, ranking political orders: indexes of state fragility and state failure Nehal Bhuta; 5. Competing measures of democracy in the former Soviet Republics Seva Gunitsky; 6. Winning the rankings game: the Republic of Georgia, USAID, and the Doing Business project Sam Schueth; 7. Conclusion. Rating the ratings craze: from consumer choice to public policy outcomes Jack Snyder and Alexander Cooley. 
588 |a Description based on print version record. 
500 |a Electronic resource. 
650 0 |a Nation-state and globalization. 
650 0 |a International relations  |x Statistics  |x Political aspects. 
650 0 |a International economic relations  |x Statistics  |x Political aspects. 
650 0 |a World politics  |y 21st century. 
655 7 |a Electronic books.  |2 local 
700 1 |a Cooley, Alexander,  |d 1972-  |e editor. 
700 1 |a Snyder, Jack L.,  |e editor. 
710 2 |a Ebook Library. 
776 1 8 |c Original  |z 9781107098138  |z 1107098130  |w (DLC) 2014044750 
856 4 0 |u https://ebookcentral.proquest.com/lib/tamucs/detail.action?docID=2001218  |y Connect to the full text of this electronic book  |t 0 
955 |a YBP purchased approval e-records 
980 |b 125.00  |g 1 
987 |a ybp12407583 
999 f f |s f68e4f20-a6d9-30a1-99fc-0728ec4b2170  |i cc37bcf7-c7c5-3506-b330-b3c4abe6ffc7  |t 0 
999 |a MARS 
952 f f |a Texas A&M University  |b College Station  |c Electronic Resources  |d Available Online  |t 0  |e JZ1316 .R36 2015  |h Library of Congress classification 
998 f f |a JZ1316 .R36 2015  |t 0  |l Available Online